| 000 | 00672nam a22001937a 4500 | ||
|---|---|---|---|
| 005 | 20251108164932.0 | ||
| 008 | 250721s1982 xx 000 0 ara d | ||
| 082 | 1 | 4 | _a964.03/إبر |
| 100 | 1 | _aحسن، إبراهيم شحاته | |
| 245 | 1 | 0 |
_aنصوص و وثائق في تاريخ المغرب تحت حكم الحماية : _bتنظير و تطبيق / |
| 264 | 1 |
_aالإسكندرية : _bمنشأة المعارف، _c1982. |
|
| 300 | _a303ص | ||
| 490 | 0 | _aالكتب التاريخية | |
| 650 | 1 | 7 | _aتاريخ المغرب |
| 650 | 1 | 7 | _aالتاريخ السياسي |
| 650 | 1 | 7 | _aالإستعمار الفرنسي |
| 942 |
_2ddc _cBK |
||
| 999 |
_c17837 _d17837 |
||